00646nmm a2200193Ia 4500008004100000020001800041041000800059100003100067245008100098264006800179300001800247490001500265650002700280700003100307700003900338856005100377942000700428999001700435251105s9999||||xx |||||||||||||||||und|| a9786071659705 aspa aHernández Trillo, Fausto 0aBuen diagnóstico, buena solución :b Los retos de la economía mexicana a[México D.C., Mexico] :bFondo de Cultura Económica, c2018 a115 páginas aEconomía aEconomics and Business aHernández Trillo, Fausto1 a Campos Vázquez, Raymundo Miguel uhttps://public.digitaliapublishing.com/a/64090 cCF c66849d66849